| 000 | 00785cam a22002411 4500 | ||
|---|---|---|---|
| 001 | l 41000032 | ||
| 003 | DLC | ||
| 005 | 20260227111537.0 | ||
| 008 | 780103s1941 dcu f000 0 eng c | ||
| 010 | _al 41000032 | ||
| 040 |
_aU.S. Dept. of labor Libr. _cNIC _dDLC |
||
| 043 | _ae-fr--- | ||
| 050 | 0 | 0 |
_aHD5118.F8 _bU65 |
| 082 | 0 | 0 | _a331.81944 |
| 110 | 1 |
_aUnited States. _bDepartment of Labor. _bWage and Hour Division. |
|
| 245 | 1 | 0 | _aMaximum hour legislation in France, 1936-1940. |
| 260 |
_a[Washington, D.C., _c1941] |
||
| 300 |
_a1 p.l., 70 p. _c27 cm. |
||
| 500 | _aCover title. | ||
| 500 | _aAt head of title: United States Department of Labor. Wage and Hour Division. Research and Statistics Branch. | ||
| 500 | _aMimeographed. | ||
| 650 | 0 |
_aHours of labor _zFrance. |
|
| 999 |
_c36357 _d36357 |
||